00689nam a2200241 a 4500001001300000003000900013005001700022008004100039020001000080082001700090100001900107245002300126260004300149300000900192500003500201505001000236650001600246700001900262902000800281942000700289952013400296999001700430nice12345678IN_TiNIC20260116013856.0050524s1999 alia grp 000 0 eng  ac48000a340.59bAKH1 aAkhtar, Shahid aMuslim Law Digest. aAligarh bPremier Publishing Co.c1999 a752p aincludes index and biblioraphy2 aIndex aIslamic-Law1 aAkhtar, Shahid bSRS cBK 001040708StackRoom-aHMIbHMId2007-05-02g480.00l10m1o340.59 AKH1p019769r2020-02-05s2019-11-13v480.00w2005-05-24yBK c12907d12907